LEADER 01292nam a2200301 a 4500 001 000000123970 003 CaOOAMICUS 005 20101221100815.0 008 101221t2010 it u000 u ita r 020 $a978-88-13-30498-0 040 $aPUL$bita 082 04$a346.4507 100 1 $aSalomone, Riccardo.$0(OLS)http://pul/name/78193 245 13$aLe libere professioni intellettuali /$cRiccardo Salomone. 260 $aPadova :$bCEDAM,$c2010. 300 $aXIII, 192 p. ;$c25 cm. 490 1 $aTrattato di diritto commerciale e di diritto pubblico dell'economia ;$v55 504 $aBibliografia in nota. 650 4$aDiritto civile$zItalia.$0(OLS)http://pul/subject/3770 830 0$aTrattato di diritto commerciale e di diritto pubblico dell'economia ;$v55.$0(OLS)http://pul/title/136395 850 $aPUL 852 $aPUL$W1$xSL Diritto e Scienze Sociali 3$y79$m346. 4507 SALRI 1$j142849$qDDC 21$B141784$CPULBib$Z2$F141784 $H115274 $82 941 1 $a9 996 $6020$a978-88-13-30498-0$9(OLS)http://pul/number/146139 996 $6082$a346.4507$9(OLS)http://pul/classification/1803 996 $6245$aLe libere professioni intellettuali$9(OLS)http://pul/title/156288 996 $6260$aPadova :$bCEDAM$9(OLS)http://pul/publisher/48126 LEADER 01584nam a2200349 a 4500 001 000000129402 003 CaOOAMICUS 005 20120625151021.0 008 120625s2011 cou u000 u eng r 020 $a978-1-934542-10-1 040 $aPUL$bita 041 1 $aeng$hita 082 04$a231 100 1 $aSabetta, Antonio,$csacerdote,$d1972-$0(OLS)http://pul/name/49966 240 10$aDal senso cercato al senso donato.$lInglese.$0(OLS)http://pul/title/163526 245 10$aFaith and reason :$bhistorical analysis and perspectives for the present /$cAntonio Sabetta ; Philip Larrey and Silvia Cattaneo, translators. 260 $aAurora (Colorado) :$bThe Davies Group,$cİ2011. 300 $axxvi, 205 p. ;$c21 cm 504 $aBibliografia p. [197]-205. 610 24$aChiesa cattolica$xDottrine.$0(OLS)http://pul/subject/5056 650 4$aFede e ragione.$0(OLS)http://pul/subject/3185 700 1 $aLarrey, Philip,$d1963-$0(OLS)http://pul/name/64890 700 1 $aCattaneo, Silvia.$0(OLS)http://pul/name/82830 850 $aPUL 852 $aPUL$W1$xSL Religione 3$y85$m231 SABAN 1$j149881$qDDC 21$B148408$CPULBib$Z2$F148408 $H120184 $82 941 1 $a9 960 $aRagione e fede$93185 996 $6020$a978-1-934542-10-1$9(OLS)http://pul/number/150088 996 $6082$a231$9(OLS)http://pul/classification/408 996 $6245$aFaith and reason :$bhistorical analysis and perspectives for the present$9(OLS)http://pul/title/163525 996 $6260$aAurora (Colorado) :$bThe Davies Group$9(OLS)http://pul/publisher/81225